| 000 | 00753nam a2200229 a 4500 | ||
|---|---|---|---|
| 999 |
_c2230 _d2230 |
||
| 001 | 2230 | ||
| 003 | BD-JhCC | ||
| 005 | 20171031121326.0 | ||
| 008 | 171031s2000 bg ||||| ||a| 00| 0 ben d | ||
| 035 | _a(BD-JhCC)2230 | ||
| 040 |
_aBD-JhCC _dBD-JhCC |
||
| 041 | _aben | ||
| 082 |
_a616.123 _bJON 2000 |
||
| 100 | _aজনসন, মেরিলিন | ||
| 245 |
_aহৃদযন্ত্রের ইতিবৃত্ত / _cমেরিলিন জনসন |
||
| 260 |
_aঢাকা : _bবাংলাদেশ এ্যাডভেন্টিষ্ট প্রেস এন্ড পাবলিশিং হাউস, _c2000. |
||
| 300 |
_a144 p. : _c20 cm. |
||
| 650 | _aHeart | ||
| 650 | _aHealth | ||
| 942 |
_2ddc _cBK |
||